000 00792nam a2200229 i 4500
001 36881
003 ES-MaACL
005 20230906155448.0
007 t|
008 030219s1963 sp ||||1| spa d
100 1 _aBrazzola, André.
_931531
245 1 3 _aLo esencial sobre el cristianismo /
_cAndré Brazzola ; esculturas de José Ricart realizadas para esta edición ; fotografías de Antonio Rosich ; [traducción de Alfonso Romeu].
260 _aBarcelona :
_bNova Terra,
_c1963.
300 _a130 p., 6 lám. ;
_c16 cm.
490 1 _aEl gramo de mostaza
700 1 _aRicart, José.
_996860
700 1 _aRosich, Antonio.
_999780
700 1 _aRomeu, Alfonso.
_999456
830 0 _aEl gramo de mostaza
_9229614
852 _aES-MaACL
_jF-3577
_bR.54012
999 _c36881
_d36881